01182cam a22002894a 450000100090000000300120000900500170002100800410003801000170007902000150009604000220011104200080013305000220014108200170016310000250018024501190020524600620032426000370038630000280042350000220045165000590047365000750053270000230060785600850063085600730071585601040078811900698NUST - PNEC20170116181116.0000201s2000 nyu f 001 0 eng  a 00024656  a007135607X aDLCcLIBRARYdDLC apcc00aTP1130b.P64 200000a668.4199 POH1 aPohanish, Richard P.10aMcGraw-Hill's hazardous chemical safety guide for the plastics industry /cRichard P. Pohanish, Stanley A. Greene.30aHazardous chemical safety guide for the plastics industry aNew York :bMcGraw-Hill,cc2000. aciii, 1404 p. ;c25 cm. aIncludes indexes. 0aHazardous substancesvHandbooks, manuals, etc.xME,IME 0aPlastics industry and tradexSafety measuresvHandbooks, manuals, etc.1 aGreene, Stanley A.423Publisher descriptionuhttp://www.loc.gov/catdir/description/mh021/00024656.html413Table of contentsuhttp://www.loc.gov/catdir/toc/mh021/00024656.html423Contributor biographical informationuhttp://www.loc.gov/catdir/enhancements/fy0707/00024656-b.html